000 00581pab a2200205 454500
008 180718b2007 xxu||||| |||| 00| 0 eng d
100 _aDeshpande, Lalit
245 _aPersonal income distribution and heterogeneity of labour markets in India
260 _c2007
300 _ap.903-26.
362 _aOct-Dec
650 _aLabour market - India
650 _aIncome distribution - India
650 _aIncome distribution
700 _aDeshpande, Sudha
700 _aSatpathy, Anoop Kumar
773 _aIndian Journal of Labour Economics
908 _aN
909 _a77280
999 _c77280
_d77280